000 00462nam a2200181Ia 4500
001 3342
005 20260306145636.0
008 260306t2003||||xx |||||||||||||| ||spa||
041 _aESP
082 _a270
_bH59 T. 3
100 _aCárcel Ortí, Vicente
_eAUT
245 0 _aHistoria de la iglesia:
_bIII. la iglesia en la época contemporánea
260 _c2003
300 _apágs. :
_c21 cm.
650 _aGEN
654 _aCHU
942 _cLIB
_dJUS
_fJUS
_2ddc
_n
999 _c3342
_d3342